2.Dünya Savaşı Quizi - Statistics

General Stats
  • This quiz has been taken 12 121 times
  • The average score is 10 of 17
Answer Stats
Question Answer % Correct
1933-45 arası Almanya'yı yöneten lider kimdir? Adolf Hitler
95%
İtalyan Diktatör (İl Duce) Kimdir? Benito Mussolini
93%
Sovyetler Birliği ordusunun adı nedir? Kızıl Ordu
87%
Savaş süresince Birleşik Krallık lideri kimdi? Winston Churchill
82%
Almanya'nın Sovyetler Birliği'ne saldırması ile başlayan operasyonun adı nedir? Barbarossa
75%
Savaşın büyük bir kısmı ABD Lideri olup, 12 Nisan 1945 tarihinde hayatını kaybeden lider kimdir? Franklin Delano Roosevelt
74%
Hangisi 2.Dünya Savaşı sürecinde Japonya'nın İmparatorudur? Hirohito
70%
Fransa'nın mağlubiyeti üzerine kurulan Faşist Fransa rejiminin adı nedir? Vichy Fransası
69%
2.Dünya Savaşı hangi tarihte başlamıştır? 1 Eylül 1939
68%
Amerika'nın savaşa dahil olduğu olay nedir? Pearl Harbor Baskını
63%
Alman Diktatör Hitler'in savaşın sonlarında kullandığı Berlin'de bulunan sığınağın adı nedir? Führerbunker
59%
"Çöl Tilkisi" Olarak bilinen Alman General kimdir? Erwin Rommel
53%
Alman Hava Kuvvetleri'nin Almanca adı nedir? Luftwaffe
47%
Dünya'nın en büyük tank muharebesinin adı nedir? Kursk Muharebesi
36%
D-DAY (Normandiya Çıkarması) hangi tarihte gerçekleşmiştir? 6 Haziran 1944
30%
Avrupa'da savaşın bitim tarihi nedir? 7 Mayıs 1945
29%
Stalingrad Muharebesi'nin bitiş tarihi aşağıdakilerden hangisidir? 2 Şubat 1943
15%
No matching quizzes found
Score Distribution
Percent of People with Each Score
Percentile by Number Answered
Your Score History
You have not taken this quiz